Jason Momoa's Movies - Statistics

General Stats
  • This quiz has been taken 15 times
  • The average score is 6 of 20
Answer Stats
Year Name of film % Correct
2018 Aquaman
100%
2011 Conan the Barbarian
85%
2017 Justice League
77%
2021 Zack Snyder's Justice League
77%
2022 Aquaman and the Lost Kingdom
54%
2012 Bullet to the Head
54%
2021 Dune
54%
2022 Slumberland
31%
2016 Batman v Superman: Dawn of Justice
15%
2018 Braven
15%
2021 Sweet Girl
15%
2017 The Bad Batch
15%
2014 Debug
8%
2014 Road to Paloma
8%
2019 The Lego Movie 2: The Second Part
8%
2004 Johnson Family Vacation
0%
2017 Once Upon a Time in Venice
0%
2007 Pipeline
0%
2016 Sugar Mountain
0%
2014 Wolves
0%
No matching quizzes found
Score Distribution
Percent of People with Each Score
Percentile by Number Answered
Your Score History
You have not taken this quiz